书目信息 |
| 题名: |
团队管理心理学
|
|
| 作者: | 钱力德 著 | |
| 分册: | ||
| 出版信息: | 北京 中华工商联合出版社 2019.12 |
|
| 页数: | 260页 | |
| 开本: | 17cm | |
| 丛书名: | ||
| 单 册: | ||
| 中图分类: | C93-051 | |
| 科图分类: | ||
| 主题词: | 团队管理--管理心理学 | |
| 电子资源: | ||
| ISBN: | 978-7-5158-2630-1 | |
| 000 | 00871nam0 2200229 450 | |
| 001 | 012019259215 | |
| 005 | 20200528131541.1 | |
| 010 | @a978-7-5158-2630-1@dCNY38.00 | |
| 100 | @a20200528d2019 em y0chiy0110 ea | |
| 101 | 0 | @achi |
| 102 | @aCN@b110000 | |
| 105 | @af z 000zy | |
| 106 | @ar | |
| 200 | 1 | @a团队管理心理学@9Tuan Dui Guan Li Xin Li Xue @f钱力德著 |
| 210 | @a北京@c中华工商联合出版社@d2019.12 | |
| 215 | @a260页@d17cm | |
| 330 | @a这是一本心理学图书,本书作为职场人士实用性必修手册,系统讲解了团队管理在凝聚正能量、创造非凡业绩、推动企业发展和员工个人成长等方面的重要性,本书讲解了团队管理过程中,运用心理学知识和技巧的方法,帮助提高团队管理水平,为有志于创立一番事业的人指明了道路。 | |
| 606 | 0 | @a团队管理@x管理心理学 |
| 690 | 0 | @aC93-051@v5 |
| 701 | 0 | @a钱力德@9Qian Li De @4著 |
| 801 | 0 | @aCN@b人天书店@c20200528 |
| 905 | @aTSG@dC93-051@eQ210@f2 | |
| 团队管理心理学/钱力德著.-北京:中华工商联合出版社,2019.12 |
| 260页;17cm |
| ISBN 978-7-5158-2630-1:CNY38.00 |
| 这是一本心理学图书,本书作为职场人士实用性必修手册,系统讲解了团队管理在凝聚正能量、创造非凡业绩、推动企业发展和员工个人成长等方面的重要性,本书讲解了团队管理过程中,运用心理学知识和技巧的方法,帮助提高团队管理水平,为有志于创立一番事业的人指明了道路。 |
| ● |
| 相关链接 |
|
|
|
正题名:团队管理心理学
索取号:C93-051/Q210
 
预约/预借
| 序号 | 登录号 | 条形码 | 馆藏地/架位号 | 状态 | 备注 |
| 1 | 1532942 | 215329428 | 社科库509/509社科库 64排3列4层/ [索取号:C93-051/Q210] | 在馆 | |
| 2 | 1532943 | 215329437 | 社科库509/509社科库 64排3列4层/ [索取号:C93-051/Q210] | 在馆 |